[Event "Vinnytsia Olkhovsky Memorial 8th"]
[Site "Vinnytsia"]
[Date "2021.07.10"]
[Round "1"]
[White "Tregubov, Oleksandr"]
[Black "Razin, Vadim"]
[Result "0-1"]
[WhiteElo "1738"]
[BlackElo "2428"]
[PlyCount "54"]
[EventDate "2021.07.10"]
[EventType "swiss (rapid)"]
[EventRounds "9"]
[EventCountry "UKR"]
[SourceTitle "CBM 203 Extra"]
[Source "ChessBase"]
[SourceDate "2021.09.30"]
[SourceVersion "1"]
[SourceVersionDate "2021.09.30"]
[SourceQuality "1"]

1. d4 d5 2. c4 e6 3. e3 Nf6 4. Nc3 Bd6 5. f4 0-0 6. Nf3 b6 7. cxd5 exd5 8. Bd3 Bb7 9. 0-0 Nbd7 10. Nb5 Be7 11. Ne5 c5 12. g4 Ne4 13. Bxe4 dxe4 14. d5 Nxe5 15. fxe5 Bxd5 16. Nc7 Bc4 17. Nxa8 Bxf1 18. Qxf1 Qxa8 19. Bd2 Qd5 20. Bc3 Bg5 21. Qe2 Rd8 22. a3 Qb3 23. Re1 Rd3 24. Qf2 Qe6 25. Qg3 Qh6 26. Re2 Bxe3+ 27. Kg2 Bf4 0-1